Movies Quiz

Random Movies or Disney Quiz

Disney Live-Action Movies II Quiz Stats

 Plays Quiz Updated Aug 12, 2016

Score 0/24 Timer 07:00
4 Plays Today
% Correct
National Treasure
88.8%
Maleficent
83.8%
The Princess Diaries
83.5%
The Sign of Zorro
80.8%
The Santa Clause
80.8%
101 Dalmatians
78.9%
Cool Runnings
78.6%
Enchanted
73.3%
Bedknobs and Broomsticks
66.5%
Old Yeller
66.2%
Homeward Bound: The Incredible Journey
65.9%
Into the Woods
63.6%
% Correct
Hocus Pocus
63.4%
The Three Musketeers
60.6%
Song of the South
53.7%
Miracle
49.4%
Freaky Friday
42%
The Adventures of Huck Finn
40.8%
The Rookie
40.2%
The Shaggy Dog
38%
Escape to Witch Mountain
30.8%
20,000 Leagues Under the Sea
29.2%
That Darn Cat!
23.5%
Darby O'Gill and the Little People
15.5%

You're not logged in!

Compare scores with friends on all Sporcle quizzes.
OR
Log In

Show Comments

Extras

Top Quizzes Today


Score Distribution

Your Account Isn't Verified!

In order to create a playlist on Sporcle, you need to verify the email address you used during registration. Go to your Sporcle Settings to finish the process.

Report this User

Report this user for behavior that violates our Community Guidelines.

Details: